Lexicon Plotinianum

Uloženo v:
Podrobná bibliografie
Hlavní autoři: Sleeman, J. H (Autor), Pollet, Gilbert (Autor)
Médium: Kniha
Jazyk:řečtina
angličtina
Vydáno: Leiden E. J. Brill 1980
Edice:Ancient and medieval philosophy, 1
Témata:
Tagy: Přidat tag
Žádné tagy, Buďte první, kdo vytvoří štítek k tomuto záznamu!

MARC

LEADER 00000nam a2200000 a 4500
001 UCU0050
003 CL-VaPUC
008 960315e19800000NE |||||||||||||||||gre|d
041 0 7 |a gre  |2 CL-VaPUC 
041 0 7 |a eng  |2 CL-VaPUC 
082 0 4 |a 186.4  |b SLE  |2 21 
100 0 |a Sleeman, J. H  |e author  |9 355005 
700 0 |a Pollet, Gilbert  |e author  |9 355006 
245 1 0 |a Lexicon Plotinianum 
300 |a v 
942 |c BK 
945 |d 19960315 00:00:00  |a cmena 
260 |a Leiden  |b E. J. Brill  |c 1980 
600 0 7 |a PLOTINO  |2 CL-VaPUC  |9 266516 
650 0 |a Filosofía medieval  |9 256245 
650 0 |a Platonismo  |9 265673 
650 0 |a Neoplatonismo  |9 265877 
650 0 |a Cosmología  |9 269138 
650 0 |a Filosofía del espíritu  |9 320175 
650 0 |a Amor  |9 257817 
650 7 |a INMORTALIDAD  |2 CL-VaPUC  |9 320467 
650 7 |a SER  |2 CL-VaPUC  |9 320176 
583 |a last modification  |c 19960315 00:00:00  |k Rodrigo Vera 
490 0 |a Ancient and medieval philosophy, 1 
999 |c 245000  |d 244998 
952 |0 0  |1 0  |4 0  |6 186_400000000000000_SLE_1980  |7 0  |8 P  |9 259326  |a BIBEDU  |b BIBEDU  |c BIBEDU_PB  |d 2019-11-19  |h v.2  |i 1633104  |o 186.4 SLE 1980  |p 1633104  |r 2024-01-25  |w 2019-11-19  |y BK  |k FIL